000 00821nam a2200253 a 4500
999 _c12608
_d12608
001 12608
003 BD-JhCC
005 20221016080109.0
008 221016s20132019bg |||| |||| 000 0 ban d
020 _a9847012002858
035 _a(BD-JhCC)12608
040 _aBD-JhCC
_dBD-JhCC
041 _abeg
082 _a923
_bCHO 2019
100 _aচৌধুরী, চন্দন
245 _aমাদার তেরেসা /
_cচন্দন চৌধুরী
260 _aঢাকা :
_bকথাপ্রকাশ,
_c২০১৯
300 _a৫৬ পৃ. :
_c২১ সেমি.
490 _aজীবনী গ্রন্থমালা
504 _aগ্রন্থপঞ্জি অন্তর্ভূক্ত।
600 _aTeresa, Mother
650 _aBiography
942 _2ddc
_cBK